Jack the Ripper Known Victims - Statistics

General Stats
  • This quiz has been taken 94 times
  • The average score is 4 of 5
Answer Stats
Hint Answer % Correct
Victim Three: Elizabeth Stride
80%
Victim Five: Mary Jane Kelly
80%
Victim Two: Annie Chapman
69%
Victim Four: Catherine Eddowes
67%
Victim One: Mary Ann Nichols
66%
No matching quizzes found
Score Distribution
Percent of People with Each Score
Percentile by Number Answered
Your Score History
You have not taken this quiz